Countries infected with the corona virus - Statistics

General Stats
  • This quiz has been taken 224 times
  • The average score is 14 of 22
Answer Stats
Number of cases Country % Correct
9675 China(including Hong Kong, Macau)
99%
6 United States
94%
11 Japan
87%
2 Italy
83%
6 South Korea
81%
2 United Kingdom
80%
5 France
77%
4 Germany
76%
1 India
75%
3 Canada
73%
9 Australia
64%
14 Thailand
61%
2 Vietnam
58%
1 Philippines
51%
10 Singapore
49%
9 Taiwan
49%
8 Malaysia
48%
1 Cambodia
38%
1 Nepal
37%
1 Finland
32%
4 United Arab Emirates
30%
1 Sri Lanka
25%
No matching quizzes found
Score Distribution
Percent of People with Each Score
Percentile by Number Answered
Your Score History
You have not taken this quiz